[Event "Ceriano Laghetto op-C 24th"]
[Site "Ceriano Laghetto"]
[Date "2015.03.07"]
[Round "2"]
[White "Kiszka, Jean Marc"]
[Black "Ruggiero, Paolino"]
[Result "1/2-1/2"]
[WhiteElo "1399"]
[BlackElo "1508"]
[PlyCount "91"]
[EventDate "2015.03.06"]
[EventType "swiss"]
[EventRounds "5"]
[EventCountry "ITA"]
[SourceTitle "EXT 2024"]
[Source "ChessBase"]
[SourceDate "2023.10.10"]
[SourceVersion "1"]
[SourceVersionDate "2023.10.10"]
[SourceQuality "1"]

1. c4 e5 2. Nc3 f5 3. d3 Nf6 4. Nf3 Nc6 5. Bg5 Be7 6. e3 0-0 7. a3 a6 8. Bxf6 Bxf6 9. Nd5 d6 10. Be2 h6 11. Rb1 a5 12. 0-0 Be6 13. Nxf6+ Qxf6 14. Qc2 a4 15. Rfd1 Bf7 16. Qc3 Na5 17. Nd2 g5 18. b4 Nc6 19. Bf3 Be8 20. Bxc6 Bxc6 21. b5 Be8 22. d4 Bg6 23. Rbc1 g4 24. Nf1 f4 25. d5 Bh5 26. exf4 Qxf4 27. Qe3 g3 28. Qxf4 Rxf4 29. Rd2 gxh2+ 30. Kxh2 Raf8 31. Kg1 Bg6 32. c5 dxc5 33. Rxc5 R8f7 34. Ne3 b6 35. Rc3 Rg7 36. Nc4 Re7 37. Ne3 Be8 38. Rb2 Rd4 39. Nf5 Rd1+ 40. Kh2 Rh7 41. Ne3 Rd4 42. Rc4 Rd7 43. Rxd4 exd4 44. Nf5 Kh7 45. Nxd4 Rxd5 46. Ne6 1/2-1/2

[Event "Ceriano Laghetto op-C 23rd"]
[Site "Ceriano Laghetto"]
[Date "2014.03.14"]
[Round "1"]
[White "Ruggiero, Paolino"]
[Black "Kiszka, Jean Marc"]
[Result "1-0"]
[WhiteElo "1493"]
[BlackElo "1363"]
[PlyCount "47"]
[EventDate "2014.03.14"]
[EventType "swiss"]
[EventRounds "5"]
[EventCountry "ITA"]
[SourceTitle "EXT 2024"]
[Source "ChessBase"]
[SourceDate "2023.10.10"]
[SourceVersion "1"]
[SourceVersionDate "2023.10.10"]
[SourceQuality "1"]

1. e4 c5 2. f4 e6 3. Nf3 d6 4. b3 Nd7 5. Bb2 a6 6. Bc4 b5 7. Be2 Bb7 8. d3 Ngf6 9. 0-0 Be7 10. Nbd2 0-0 11. h3 Nh5 12. Nh2 Ng3 13. Rf3 Nxe2+ 14. Qxe2 d5 15. exd5 Bxd5 16. Rg3 g6 17. Ng4 Bf6 18. Nxf6+ Nxf6 19. Qe5 Kg7 20. Nf1 Ra7 21. Ne3 h5 22. Qxh5 Kg8 23. Qe5 Kg7 24. Ng4 1-0

[Event "Ceriano Laghetto op-C 22nd"]
[Site "Ceriano Laghetto"]
[Date "2013.03.02"]
[Round "3"]
[White "Ruggiero, Paolino"]
[Black "Ciochetta, Giovanni"]
[Result "0-1"]
[WhiteElo "1517"]
[BlackElo "1533"]
[PlyCount "96"]
[EventDate "2013.03.01"]
[EventType "swiss"]
[EventRounds "5"]
[EventCountry "ITA"]
[SourceTitle "EXT 2024"]
[Source "ChessBase"]
[SourceDate "2023.10.10"]
[SourceVersion "1"]
[SourceVersionDate "2023.10.10"]
[SourceQuality "1"]

1. e4 e5 2. f4 d6 3. Bc4 Nc6 4. Nf3 Bg4 5. 0-0 Nf6 6. d3 Nd4 7. fxe5 Bxf3 8. Rxf3 Nxf3+ 9. Qxf3 dxe5 10. Nc3 Bc5+ 11. Kh1 h6 12. a3 0-0 13. Qg3 Qd6 14. Nb5 Nxe4 15. Qxg7+ Kxg7 16. Nxd6 Nf2+ 17. Kg1 cxd6 18. Kf1 Rad8 19. b4 Bd4 20. Rb1 Ng4 21. h3 Ne3+ 22. Bxe3 Bxe3 23. Ke2 Bg5 24. Bd5 b6 25. Rf1 Rc8 26. Bb3 f5 27. Rf3 f4 28. Rf1 Rc3 29. Kf3 Be7 30. Ke4 Rf6 31. Rf2 Rg6 32. a4 Kf6 33. b5 Rg3 34. d4 Rce3+ 35. Kd5 Kg5 36. dxe5 Rxe5+ 37. Kc6 d5 38. Kb7 Bc5 39. Rd2 Re7+ 40. Kc6 d4 41. a5 Rge3 42. Bc4 Rc3 43. Bd3 bxa5 44. Kd5 a4 45. Rf2 a3 46. Bc4 Rc7 47. Ba2 d3 48. cxd3 Bxf2 0-1